Erneuerte Soziale Marktwirtschaft statt Regulierungs- und Versorgungsstaat
Enregistré dans:
| Auteur principal: | |
|---|---|
| Format: | Livre |
| Langue: | allemand |
| Publié: |
Tübingen
Mohr
1996
|
| Édition: | 1. Aufl. |
| Collection: | Vorträge und Aufsätze. Walter Eucken Institut
149 |
| Sujets: | |
| Tags: |
Pas de tags, Soyez le premier à ajouter un tag!
|
MARC
| LEADER | 00000nam a2200000 4500 | ||
|---|---|---|---|
| 001 | c017741 | ||
| 005 | 20221221082240.1 | ||
| 020 | |a 3-16-146648-9 | ||
| 041 | 0 | |a ger | |
| 044 | |a DE | ||
| 245 | 1 | 0 | |a Erneuerte Soziale Marktwirtschaft statt Regulierungs- und Versorgungsstaat |c Otto Schlecht |
| 250 | |a 1. Aufl. | ||
| 264 | 1 | |a Tübingen |b Mohr |c 1996 | |
| 300 | |a 48 s. | ||
| 490 | 1 | |a Vorträge und Aufsätze. Walter Eucken Institut |v 149 | |
| 830 | 0 | |a Vorträge und Aufsätze. Walter Eucken Institut |v 149 | |
| 610 | 2 | 0 | |a hospodárstvo trhové |
| 610 | 2 | 0 | |a procesy sociálne |
| 610 | 2 | 0 | |a procesy sociálno-ekonomické |
| 610 | 2 | 0 | |a potreby sociálne |
| 610 | 2 | 0 | |a koncepcie |
| 610 | 2 | 0 | |a trh práce |
| 610 | 2 | 0 | |a konkurencia |
| 610 | 2 | 0 | |a politika daňová |
| 610 | 2 | 0 | |a zabezpečenie sociálne |
| 100 | 1 | |a Schlecht, Otto | |